00684nam a2200205Ia 4500003000400000008004100004020002600045040000800071100001700079245008200096260004500178300001500223365001100238901002100249902003400270903005800304942001200362952008700374999001700461LDD181029s9999 xx 000 0 und d a9780195681130c595.00 cLDD aMadan, T. N. 0aImages of the worldbessays on religion, secularism, and culturecT. N. Madan aNew DelhibOxford University pressc2006 axii, 398p. b595.00 a4163b24-01-2008 a12062b10-03-2008cFdGBHe31 aDiscount-15bReqst by : Nita Mathur  2ddccBK 00102ddc4070981071aLDDbLDDl0o291 M261Ip064405r2018-11-01w2018-11-01yBK c81072d81072